000 00970nam a22002537a 4500
003 BR-ViAPE
005 20260514124316.0
008 260514s2017 porco gs|||| 001 0 por d
020 _q978-85-98928-23-4
040 _cBR-ViAPE
100 _aNovaes, Maria Stella de
245 _aJerônimo Monteiro:
_bsua vida e sua obra
250 _a2.ed.
260 _aVitória
_bArquivo Público do Estado do Espírito Santo
_c2017
300 _a336 p.
_bil
_c23cm
300 _bLivro disponível em PDF
490 _aColeção Canaã
_vv. 24
500 _aObra disponibilizada em PDF por integrar a Coleção Canaã do APEES.
600 _aMonteiro, Jerônimo
_d1895 - 1981
_qJerônimo de Souza Monteiro
_xBiografia
_zEspírito Santo (Brasil)
651 _aEspírito Santo (Brasil)
710 _aArquivo Público do Estado do Espírito Santo
856 _uhttps://ape.es.gov.br/Media/ape/PDF/Jeronimo_Monteiro-1.pdf
_yCLIQUE AQUI PARA ACESSAR O DOCUMENTO
942 _2ddc
_cBK
_n1
999 _c671
_d671